Capitales d'Europe - Quiz - désordre - Statistiques

Statistiques générales
  • Ce quiz a été pris 149 fois
  • Le résultat moyen est 36 sur 45
Statistiques - réponses
Pays Capitale % Correct
Royaume-Uni Londres
97%
France Paris
97%
Allemagne Berlin
96%
Italie Rome
96%
Espagne Madrid
95%
Russie Moscou
95%
Belgique Bruxelles
94%
Portugal Lisbonne
94%
Luxembourg Luxembourg
94%
Monaco Monaco
94%
Pays-Bas Amsterdam
93%
Suisse Berne
93%
Ukraine Kiev
92%
Cité du Vatican Vatican
92%
Grèce Athènes
91%
Irlande Dublin
91%
Norvège Oslo
91%
Autriche Vienne
90%
Danemark Copenhague
87%
Pologne Varsovie
86%
Roumanie Bucarest
84%
Finlande Helsinki
84%
Saint-Marin Saint-Marin
84%
Suède Stockholm
83%
Hongrie Budapest
82%
Andorre Andorre-la-Vieille
80%
Croatie Zagreb
79%
République tchèque Prague
78%
Islande Reykjavik
78%
Biélorussie Minsk
76%
Bulgarie Sofia
75%
Malte La Valette
71%
Lettonie Riga
71%
Serbie Belgrade
69%
Slovaquie Bratislava
68%
Lituanie Vilnius
68%
Slovénie Ljubljana
67%
Estonie Tallinn
66%
Albanie Tirana
66%
Liechtenstein Vaduz
66%
Bosnie-Herzégovine Sarajevo
65%
Moldavie Chișinău
54%
Macédoine du Nord Skopje
53%
Kosovo Pristina
52%
Monténégro Podgorica
49%
Aucun quiz correspondant
Distribution des résultats
% des personnes avec chaque résultat
Percentile par nombre de réponses
Votre historique - résultats
Vous n’avez pas pris ce quiz